000 00861nam a22002297a 4500
008 240706b mp ||||| |||| 00| 0 mon d
020 _a978-99973-1-457-4
035 _a22935
040 _aBH0164090
_bmon
_cMN-UlNLM
_dMN-UlNLM
_erda
041 _amon
042 _a98908
084 _2NNA
_a83.6
_bР.10
100 _aРоулинг Ж.К
245 0 _aХарри Поттер
264 _aУлаанбаатар
_bМон судар
_c2017
300 _a341х.
336 _2rdacontent
_atext
_btxt
337 _2rdamedia
_aunmediated
_bn
338 _2rdacarrier
_avolume
_bnc
650 _aХүүхдийн уран зохиол: Дэлхийн хамгийн их борлуулалттай хүүхэд залуусын сонирхолыг татагч цуврал ном. Харри Поттер хэмээх ер бусы...
942 _2NNA
_cBK
999 _c1120793
_d1120850